Understanding Old Testament ethics : (Record no. 9057)
[ view plain ]
| 000 -LEADER | |
|---|---|
| fixed length control field | 01006pam a22002894a 4500 |
| 001 - CONTROL NUMBER | |
| control field | 50334237 |
| 003 - CONTROL NUMBER IDENTIFIER | |
| control field | OCoLC |
| 005 - DATE AND TIME OF LATEST TRANSACTION | |
| control field | 20241126110704.0 |
| 008 - FIXED-LENGTH DATA ELEMENTS--GENERAL INFORMATION | |
| fixed length control field | 020726s2003 kyu b 001 0 eng |
| 010 ## - | |
| -- | 2002028065 |
| 020 ## - INTERNATIONAL STANDARD BOOK NUMBER | |
| International Standard Book Number | 0664225969 (alk. paper) |
| 040 ## - CATALOGING SOURCE | |
| Original cataloging agency | DLC |
| Transcribing agency | DLC |
| Modifying agency | BSC |
| 042 ## - | |
| -- | pcc |
| 082 ## - DEWEY DECIMAL CLASSIFICATION NUMBER | |
| Classification number | 241 |
| Item number | BAR |
| 092 ## - LOCALLY ASSIGNED DEWEY CALL NUMBER (OCLC) | |
| Classification number | 241 |
| Item number | B293u |
| 100 1# - MAIN ENTRY--PERSONAL NAME | |
| Personal name | Barton, John, |
| Dates associated with a name | 1948- |
| 9 (RLIN) | 15812 |
| 245 10 - TITLE STATEMENT | |
| Title | Understanding Old Testament ethics : |
| Remainder of title | approaches and explorations / |
| Statement of responsibility, etc. | John Barton. |
| 250 ## - EDITION STATEMENT | |
| Edition statement | 1st ed. |
| 260 ## - PUBLICATION, DISTRIBUTION, ETC. | |
| Place of publication, distribution, etc. | Louisville, Ky. : |
| Name of publisher, distributor, etc. | Westminster John Knox Press, |
| Date of publication, distribution, etc. | c2003. |
| 300 ## - PHYSICAL DESCRIPTION | |
| Extent | xi, 212 p. ; |
| Dimensions | 23 cm. |
| 500 ## - GENERAL NOTE | |
| General note | Includes the author's Amos's oracles against the nations, which was originally published in 1980. |
| 504 ## - BIBLIOGRAPHY, ETC. NOTE | |
| Bibliography, etc. note | Includes bibliographical references (p. 196-204) and indexes. |
| 630 00 - SUBJECT ADDED ENTRY--UNIFORM TITLE | |
| Uniform title | Bible. |
| Name of part/section of a work | O.T. |
| General subdivision | Theology. |
| 9 (RLIN) | 1721 |
| 650 #0 - SUBJECT ADDED ENTRY--TOPICAL TERM | |
| Topical term or geographic name entry element | Ethics in the Bible. |
| 9 (RLIN) | 145 |
| 700 12 - ADDED ENTRY--PERSONAL NAME | |
| Personal name | Barton, John, |
| Dates associated with a name | 1948- |
| Title of a work | Amos's oracles against the nations. |
| 9 (RLIN) | 15813 |
| 942 ## - ADDED ENTRY ELEMENTS (KOHA) | |
| Source of classification or shelving scheme | Dewey Decimal Classification |
| Koha item type | Books |
| Koha issues (borrowed), all copies | 1 |
| Withdrawn status | Lost status | Source of classification or shelving scheme | Damaged status | Not for loan | Home library | Current Library | Shelving location | Date acquired | Total checkouts | Full call number | Barcode | Date last seen | Date last checked out | Copy number | Price effective from | Koha item type |
|---|---|---|---|---|---|---|---|---|---|---|---|---|---|---|---|---|
| Dewey Decimal Classification | GRACE BIBLE COLLEGE | GRACE BIBLE COLLEGE | Theology | 2022-03-29 | 1 | 241 BAR | 015482 | 2025-05-01 | 2024-09-03 | c.1 | 2022-03-29 | Books |